| 000 | 01345nam a22002657a 4500 | ||
|---|---|---|---|
| 001 | 9830 | ||
| 003 | FISKH | ||
| 005 | 20260303161815.0 | ||
| 008 | 260303b cb ||||| |||| 00| 0 eng d | ||
| 020 | _a9789833578580 | ||
| 040 |
_aFISKH _beng _cFISKH _dFISKH |
||
| 082 | _a398.2 | ||
| 100 | _aYeoh , S.H. | ||
| 245 |
_aThe woodpecker and the lion : _bAdapted from Jakata tales / _cRetold by S.H.Yeoh : Illustrated by Steven She |
||
| 260 |
_aMalaysia : _bFuture Ace Publishing Sdn Bhd , |
||
| 300 |
_a17 pages : _bcolor illustrations ; _c19 X 19 cm. |
||
| 490 | _aEverlasting Moral Story Series. | ||
| 505 | _aO | ||
| 520 | _aOne day, a strong lion was suffering because a bone was stuck in his throat. He was in great pain and could not eat. A small woodpecker saw the lion and bravely offered to help. Even though the lion was powerful and dangerous, the woodpecker trusted him. The woodpecker carefully went inside the lion’s mouth and removed the bone. The lion felt much better and was saved. Later, when the woodpecker needed help, he went to the lion. However, the lion refused to help him and said that sparing the woodpecker’s life was already a reward. | ||
| 521 | 8 |
_a600
_bLexile estimate |
|
| 521 | 8 |
_aO
_bRaz-Plus |
|
| 700 |
_aShe , Steven _eIllustrator |
||
| 942 |
_2ddc _cBK _n0 |
||
| 999 |
_c9830 _d9830 |
||